A Survey of Indian agriculture (Record no. 42900)
[ view plain ]
| 000 -LEADER | |
|---|---|
| fixed length control field | 00370nam a2200133Ia 4500 |
| 020 ## - INTERNATIONAL STANDARD BOOK NUMBER | |
| ISBN | 9788178844558 |
| 082 ## - DEWEY DECIMAL CLASSIFICATION NUMBER | |
| Classification number | 631(083.4)(540) |
| Item number | BAJ |
| 100 ## - MAIN ENTRY--AUTHOR NAME | |
| Personal name | Bajpai, Sandeep |
| 245 #2 - TITLE STATEMENT | |
| Title | A Survey of Indian agriculture |
| 260 ## - PUBLICATION, DISTRIBUTION, ETC. (IMPRINT) | |
| Place of publication | New Delhi |
| Name of publisher | Cyber tech Publications |
| Year of publication | 2009 |
| 650 ## - SUBJECT ADDED ENTRY--TOPICAL TERM | |
| Topical Term | World agricultural work |
| 942 ## - ADDED ENTRY ELEMENTS (KOHA) | |
| Koha item type | Books |
| Withdrawn status | Lost status | Damaged status | Not for loan | Home library | Current library | Date acquired | Full call number | Accession Number | Koha item type |
|---|---|---|---|---|---|---|---|---|---|
| RRII Library | RRII Library | 16/12/2021 | 631(083.4)(540) BAJ | 23164 | Books |